[Event "2005 Standard Chess Dropout Tournament, Round 3"]
[Site "SchemingMind.com"]
[Date "2005.08.06"]
[Round "3"]
[White "Jorge Anibal DEKMAK"]
[Black "Stephen"]
[Result "1-0"]
[WhiteCountry "ARG"]
[BlackCountry "ENG"]
[WhiteElo "2056"]
[WhiteRD "102"]
[BlackElo "1836"]
[BlackRD "82"]
[GameID "21483"]

1. e4 d5 2. exd5 Qxd5 3. Nc3 Qa5 4. d4 c6 5. Nf3 Nf6 6. Bc4 Bf5 7. Bd2 e6 8. Qe2 Nbd7 9. d5 cxd5 10. Nxd5 Qd8
11. Nxf6+ Nxf6 12. Bb5+
1-0

[Event "2005 Standard Chess Dropout Tournament, Round 3"]
[Site "SchemingMind.com"]
[Date "2005.08.05"]
[Round "3"]
[White "JPT"]
[Black "Greg Magne"]
[Result "1/2-1/2"]
[WhiteCountry "INT"]
[BlackCountry "CAN"]
[WhiteElo "1759"]
[WhiteRD "83"]
[BlackElo "1863"]
[BlackRD "119"]
[GameID "21484"]

1. e4 e5 2. Bb5 c6 3. Ba4 f5 4. exf5 Bc5 5. Qh5+ Kf8 6. Nf3 Nf6 7. Qh3 Qe7 8. O-O d5 9. Re1 Nbd7 10. c3 Ne4
11. d4 Bb6 12. Nbd2 exd4 13. Nxe4 dxe4 14. Nxd4 Nc5 15. Bb3 Nxb3 16. Nxb3 Qe5 17. g4 h5 18. Be3 Kg8 19. Bxb6 axb6 20. Rad1 Rh6
21. Rd8+ Kh7 22. Qg2 hxg4 23. Rxe4 Qxf5 24. Nd4 Qg5 25. Ree8 Qc1+ 26. Qf1 Qxf1+ 27. Kxf1 g3 28. Rh8+ Kg6 29. Rxh6+ gxh6 30. Kg1 gxf2+
31. Kxf2 Rxa2 32. Rxc8 Rxb2+ 33. Kg3 c5 34. Nf3 Rc2 35. Rc7 Rxc3 36. Rxb7 Rb3 37. Rc7 Kf5 38. Rc6 h5 39. h4 Ke4 40. Re6+ Kd3
41. Kf4 Rb2 42. Re3+ Kc4 43. Re4+ Kc3 44. Re3+ Kb4 45. Ne5 c4 46. Re4 Rc2 47. Nc6+ Kc5 48. Nd4 Rd2 49. Ne6+ Kb4 50. Nd4 Kc5
51. Ne6+ Kb4 52. Nd4=
1/2-1/2

[Event "2005 Standard Chess Dropout Tournament, Round 3"]
[Site "SchemingMind.com"]
[Date "2005.08.05"]
[Round "3"]
[White "latvija"]
[Black "Tannhäuser"]
[Result "1/2-1/2"]
[WhiteCountry "USA"]
[BlackCountry "BAH"]
[WhiteElo "2080"]
[WhiteRD "126"]
[BlackElo "2239"]
[BlackRD "149"]
[GameID "21486"]

1. e4 e5 2. f4 d5 3. exd5 exf4 4. Nf3 Nf6 5. Bb5+ c6 6. dxc6 bxc6 7. Bc4 Nd5 8. Nc3 Be6 9. Qe2 Be7 10. O-O O-O
11. d4 Nxc3 12. bxc3 Bxc4 13. Qxc4 Bd6 14. Rb1 Qc7 15. Ng5 Nd7= 16. Ne4 Nb6 17. Qa6 Rfe8 18. Nxd6 Qxd6 19. Bxf4 Qd5 20. Rbe1 h6
21. Rxe8+ Rxe8 22. Qxa7 Nc4 23. Bc1 Nd6 24. Qa6 Nc4 25. Qb7 Nd6=
1/2-1/2

[Event "2005 Standard Chess Dropout Tournament, Round 3"]
[Site "SchemingMind.com"]
[Date "2005.08.05"]
[Round "3"]
[White "Madocillo"]
[Black "alanwo"]
[Result "1-0"]
[WhiteCountry "GER"]
[BlackCountry "ENG"]
[WhiteElo "1952"]
[WhiteRD "175"]
[BlackElo "1648"]
[BlackRD "92"]
[GameID "21488"]

1. d4 d5 2. Nc3 e6 3. g4 Bb4 4. Bd2 Bd7 5. a3 Ba5 6. b4 Bb6 7. e3 c6 8. Bd3 Ne7 9. h4 e5 10. dxe5 d4
11. exd4 Bxd4 12. f4 Be6 13. Rb1 Nd5 14. Nxd5 Bxd5 15. Nf3 Qb6 16. Qe2 Nd7 17. c3 O-O 18. cxd4 Qd8 19. O-O Re8 20. Qf2 Nf8
21. Ng5
1-0

[Event "2005 Standard Chess Dropout Tournament, Round 3"]
[Site "SchemingMind.com"]
[Date "2005.08.08"]
[Round "3"]
[White "Mel"]
[Black "CunningBill"]
[Result "0-1"]
[WhiteCountry "USA"]
[BlackCountry "USA"]
[WhiteElo "1472"]
[WhiteRD "89"]
[BlackElo "1490"]
[BlackRD "76"]
[GameID "21489"]

1. d4 d5 2. c4 dxc4 3. e3 Nf6 4. Bxc4 Bf5 5. Nf3 e6 6. O-O Nc6 7. Nc3 Be7 8. d5 exd5 9. Nxd5 Bc5 10. a3 O-O
11. Qb3 b6 12. Rd1 Na5 13. Qc3 Ne4 14. Qe5 Nxc4 15. Qxf5 Ncd6 16. Qh3 c6 17. b4 cxd5 18. Rxd5 Qf6 19. Rb1 Nc4 20. bxc5 Nc3
21. Rf5 Qd8 22. g4 Nxb1 23. Qf1 Nbd2 24. Qd1 Nxf3+ 25. Qxf3 g6 26. Rd5 Qe8 27. Qf4 b5 28. Qf6 Rd8 29. e4 Rxd5 30. Bh6 Rd1+
31. Kg2 Qxe4+ 32. f3 Qe2+ 33. Kh3 Qe5
0-1

[Event "2005 Standard Chess Dropout Tournament, Round 3"]
[Site "SchemingMind.com"]
[Date "2005.08.06"]
[Round "3"]
[White "NimbleKnight"]
[Black "pudutse"]
[Result "1-0"]
[WhiteCountry "USA"]
[BlackCountry "ARG"]
[WhiteElo "1946"]
[WhiteRD "114"]
[BlackElo "1753"]
[BlackRD "98"]
[GameID "21490"]

1. e4 e5 2. Nf3 Nc6 3. Bb5 a6 4. Ba4 b5 5. Bb3 Nf6 6. O-O d6 7. Re1 Be7 8. c3 Na5 9. Bc2 c5 10. d4 Nc6
11. d5 Nb8 12. a4 Bb7 13. axb5 axb5 14. Rxa8 Bxa8 15. Qe2 c4 16. b3 Qc7 17. bxc4 bxc4 18. Na3 O-O 19. Nxc4 Nbd7 20. Nfd2 Bb7
21. f3 Ba6 22. Bd3 Nc5 23. Nxe5 dxe5 24. Bxa6 Nxa6 25. Qxa6 Qxc3 26. Qc4 Rc8 27. Qxc3 Rxc3 28. Nf1 Bc5+ 29. Be3 Nd7 30. Bxc5 Rxc5
31. Ra1 Kf8 32. Ne3 g6 33. Kf2 h5 34. Ra4 Nb6 35. Rb4 Nd7 36. Rc4 Ra5 37. Rc2 Ke7 38. Rb2 Kd8 39. g3 Kc7 40. Rc2+ Kd8
41. g4 h4 42. g5 Nf8 43. Ng4 Nd7 44. Kg2 Ra3 45. Rf2 Nc5 46. Nxe5 Ke8 47. Kh3 Nxe4 48. Re2 Nxg5+ 49. Kxh4 Nxf3+ 50. Nxf3+ Kf8
51. Kg3 Rd3 52. Rd2 Rxd2 53. Nxd2 Ke7 54. Nc4 f6 55. h4 Kd7 56. Kg4 Ke7 57. h5 gxh5+ 58. Kxh5 Kf7 59. Kg4 Kg6 60. d6 f5+
61. Kf4 Kf6 62. d7 Ke7 63. Nb6 Kd8 64. Kxf5 Ke7 65. Ke5 Kd8 66. Ke6
1-0

[Event "2005 Standard Chess Dropout Tournament, Round 3"]
[Site "SchemingMind.com"]
[Date "2005.08.13"]
[Round "3"]
[White "Ninaber"]
[Black "Gary"]
[Result "1-0"]
[WhiteCountry "NED"]
[BlackCountry "ENG"]
[WhiteElo "2041"]
[WhiteRD "121"]
[BlackElo "1626"]
[BlackRD "64"]
[GameID "21491"]

1. e4 c5 2. Nf3 e6 3. d4 cxd4 4. Nxd4 a6 5. Bd3 g6 6. c4 Bg7 7. Nc2 Nc6 8. O-O Nf6 9. Nc3 O-O 10. Be2 b6
11. Bf4 Bb7 12. Qd2 Re8 13. Rad1 Rc8 14. e5 Nh5 15. Bxh5 gxh5 16. Qe2 Qh4 17. Bg3 Qg4 18. f3 Qg6 19. Rxd7 Rb8 20. f4 Red8
21. Rxd8+ Rxd8 22. Bf2 Nb4 23. Bxb6 Nxc2 24. Bxd8 Nd4 25. Qf2 Nf3+ 26. Kh1 Nh4 27. Bxh4
1-0

[Event "2005 Standard Chess Dropout Tournament, Round 3"]
[Site "SchemingMind.com"]
[Date "2005.08.05"]
[Round "3"]
[White "pudutse"]
[Black "Ninaber"]
[Result "0-1"]
[WhiteCountry "ARG"]
[BlackCountry "NED"]
[WhiteElo "1760"]
[WhiteRD "94"]
[BlackElo "2035"]
[BlackRD "119"]
[GameID "21494"]

1. e4 c5 2. Nc3 Nc6 3. d3 d6 4. g3 g6 5. Bg2 Bg7 6. f4 e6 7. Nf3 Nge7 8. O-O O-O 9. Rb1 b6 10. Ne2 d5
11. c3 dxe4 12. dxe4 Ba6 13. Qc2 Bd3
0-1

[Event "2005 Standard Chess Dropout Tournament, Round 3"]
[Site "SchemingMind.com"]
[Date "2005.08.05"]
[Round "3"]
[White "roscoe"]
[Black "willygor"]
[Result "0-1"]
[WhiteCountry "USA"]
[BlackCountry "ARG"]
[WhiteElo "1468"]
[WhiteRD "90"]
[BlackElo "1687"]
[BlackRD "71"]
[GameID "21496"]

1. Nf3 Nf6 2. g3 Nc6 3. Bg2 e5 4. d3 d5 5. O-O Be7 6. Bg5 O-O 7. Re1 h6 8. Bxf6 Bxf6 9. e4 d4 10. c4 Be7
11. a3 Qd6 12. b4 b6 13. b5 Nd8 14. Kh1 Bb7 15. Nh4 Bxh4 16. gxh4 Ne6 17. Nd2 Nc5 18. Qg4 Nxd3 19. Rf1 Nf4 20. Bf3 Qg6
21. Qxg6 Nxg6 22. h5 Nf4 23. a4 f5 24. exf5 Bxf3+ 25. Nxf3 Rxf5 26. h4 Nxh5 27. Ra3 Raf8 28. Re1 Rxf3 29. Rxf3 Rxf3 30. Rxe5 g6
31. Re7 Rf7 32. Re2 c5
0-1

[Event "2005 Standard Chess Dropout Tournament, Round 3"]
[Site "SchemingMind.com"]
[Date "2005.08.05"]
[Round "3"]
[White "Spohn"]
[Black "Henry Winter"]
[Result "1-0"]
[WhiteCountry "USA"]
[BlackCountry "IRL"]
[WhiteElo "1690"]
[WhiteRD "80"]
[BlackElo "1856"]
[BlackRD "141"]
[GameID "21498"]

1. e4 e6 2. d4 d5 3. Nc3 Bb4 4. e5 c5 5. a3 Bxc3+ 6. bxc3 Ne7 7. Qg4 Qc7 8. Bd2 g6 9. Nf3 cxd4 10. cxd4 Qxc2
11. Rc1 Qb2 12. Be2 Nbc6 13. O-O Qxa3 14. Rc3 Qb2 15. Bd3 O-O 16. Rb1 Qa2 17. Bh6 f5 18. Qh4
1-0

[Event "2005 Standard Chess Dropout Tournament, Round 3"]
[Site "SchemingMind.com"]
[Date "2005.08.05"]
[Round "3"]
[White "Stephen"]
[Black "roscoe"]
[Result "1-0"]
[WhiteCountry "ENG"]
[BlackCountry "USA"]
[WhiteElo "1832"]
[WhiteRD "85"]
[BlackElo "1468"]
[BlackRD "90"]
[GameID "21500"]

1. d4 d6 2. Nf3 Nf6 3. Bg5 g6 4. Nc3 Bg7 5. e4 Bg4 6. h3 Bxf3 7. Qxf3 O-O 8. Be2 a6 9. O-O-O c6 10. h4 b5
11. e5 Nd5 12. Nxd5 cxd5 13. Qxd5 Qc7 14. Qxa8 Qc6 15. Qxc6 Nxc6 16. exd6 exd6 17. c3 h6 18. Bf4 Re8 19. Bf3 Na5 20. Bxd6 Nc4
21. Bf4 h5 22. Rhe1 Rf8 23. Kc2 a5 24. d5 b4 25. d6 bxc3 26. bxc3 Na3+ 27. Kb3 Nb5 28. Be5 Rc8 29. Bxg7 Kxg7 30. d7
1-0

[Event "2005 Standard Chess Dropout Tournament, Round 3"]
[Site "SchemingMind.com"]
[Date "2005.08.05"]
[Round "3"]
[White "the gadget"]
[Black "Spohn"]
[Result "1-0"]
[WhiteCountry "ENG"]
[BlackCountry "USA"]
[WhiteElo "2043"]
[WhiteRD "94"]
[BlackElo "1671"]
[BlackRD "77"]
[GameID "21502"]

1. e4 c5 2. Nf3 Nc6 3. d4 cxd4 4. Nxd4 Nf6 5. Nc3 e5 6. Ndb5 d6 7. Bg5 a6 8. Na3 b5 9. Bxf6 gxf6 10. Nd5 f5
11. exf5 Bxf5 12. c3 Bg7 13. Nc2 O-O 14. Be2 Qg5 15. Nce3 Be6 16. h4 Qg6 17. Bh5 Qh6 18. g4 Bxd5 19. Qxd5 Ne7 20. Bxf7+ Kh8
21. Qxa8 Qf6 22. Qxa6 Qxf7 23. Rf1 d5 24. Qxb5 d4 25. Nc2 dxc3 26. bxc3 e4 27. O-O-O Bxc3 28. Rd7 Qf4+ 29. Ne3 Rc8 30. Kb1 Ng6
31. Nd5 Qe5 32. Rc1 Rb8 33. Rb7
1-0

[Event "2005 Standard Chess Dropout Tournament, Round 3"]
[Site "SchemingMind.com"]
[Date "2005.08.05"]
[Round "3"]
[White "TripleBrain"]
[Black "Valverde"]
[Result "1-0"]
[WhiteCountry "GBR"]
[BlackCountry "ESP"]
[WhiteElo "2095"]
[WhiteRD "124"]
[BlackElo "1854"]
[BlackRD "85"]
[GameID "21503"]

1. d4 Nf6 2. c4 e6 3. Nc3 d5 4. Nf3 c6 5. e3 Nbd7 6. Bd3 dxc4 7. Bxc4 b5 8. Bd3 a6 9. e4 c5 10. d5 c4
11. dxe6 cxd3 12. exd7+ Qxd7 13. O-O Bb7 14. Re1 Be7 15. e5 Nd5 16. Ne4 O-O 17. Qxd3 Qg4 18. a3 Rfd8 19. h3 Qg6 20. Qb1 Rac8
21. Bd2 b4 22. Bg5 b3 23. Nd6 Rc2 24. Bxe7
1-0

[Event "2005 Standard Chess Dropout Tournament, Round 3"]
[Site "SchemingMind.com"]
[Date "2005.08.05"]
[Round "3"]
[White "Valverde"]
[Black "dmichael"]
[Result "0-1"]
[WhiteCountry "ESP"]
[BlackCountry "USA"]
[WhiteElo "1995"]
[WhiteRD "90"]
[BlackElo "2121"]
[BlackRD "101"]
[GameID "21504"]

1. d4 e6 2. c4 Nf6 3. g3 c5 4. d5 exd5 5. cxd5 d6 6. Nc3 g6 7. Bg2 Bg7 8. Nf3 O-O 9. O-O a6 10. a4 Re8
11. Nd2 Nbd7 12. a5 b5 13. axb6 Nxb6 14. Nb3 Nc4 15. Ra4 Ne5 16. Na5 Bd7 17. Ra1 Rc8 18. h3 Bb5 19. Qc2 Qb6 20. Rd1 Bd7
21. Bf4 Rb8 22. Bxe5 dxe5 23. Nc4 Qb4 24. Na4 Bf8 25. e4 h5 26. Rd3 h4 27. b3 Nh5
0-1

[Event "2005 Standard Chess Dropout Tournament, Round 3"]
[Site "SchemingMind.com"]
[Date "2005.08.05"]
[Round "3"]
[White "wilfried"]
[Black "calipo"]
[Result "1-0"]
[WhiteCountry "GER"]
[BlackCountry "ARG"]
[WhiteElo "2233"]
[WhiteRD "96"]
[BlackElo "2009"]
[BlackRD "103"]
[GameID "21505"]

1. d4 Nf6 2. c4 g6 3. Nf3 Bg7 4. Nc3 d5 5. Qb3 dxc4 6. Qxc4 O-O 7. e4 Na6 8. Be2 c5 9. d5 e6 10. Bg5 exd5
11. Nxd5 Be6 12. Rd1 Bxd5 13. exd5 h6 14. Be3 Qa5+ 15. Bd2 Qb6 16. O-O Rfe8 17. Rfe1 Rad8 18. Qa4 Re4 19. Bc4 Rxe1+ 20. Rxe1 Qxb2
21. Bb3 Nc7 22. Qxa7 Nfxd5 23. Qxc5 Ne6= 24. Qc4 Kh7 25. Qh4 Qf6 26. Qxf6 Bxf6 27. Ne5 Ndf4= 28. Bxf4 Nxf4 29. Nxf7 Rd2 30. Rd1 Ne2+
31. Kf1 Rxd1+ 32. Bxd1 Nc3 33. Bb3 b5 34. f4 g5= 35. f5 g4 36. Kf2 h5 37. Ke3= Kg7 38. h3 g3 39. Be6 h4 40. Kf3 Kf8
41. Nh6 Kg7 42. Ng4
1-0

[Event "2005 Standard Chess Dropout Tournament, Round 3"]
[Site "SchemingMind.com"]
[Date "2005.08.13"]
[Round "3"]
[White "wonko"]
[Black "latvija"]
[Result "0-1"]
[WhiteCountry "FIN"]
[BlackCountry "USA"]
[WhiteElo "1868"]
[WhiteRD "91"]
[BlackElo "2064"]
[BlackRD "112"]
[GameID "21507"]

1. d4 Nf6 2. c4 e6 3. Nc3 Bb4 4. Nf3 c5 5. a3 Bxc3+ 6. bxc3 O-O 7. d5 d6 8. e3 e5 9. Be2 Bg4 10. h3 Bh5
11. g4 Bg6 12. Nd2 Ne4 13. Nxe4 Bxe4 14. Bf3 Bg6 15. e4 Nd7 16. h4 f6 17. Rb1 Be8 18. Rxb7 Nb6 19. g5 f5 20. h5 Bd7
21. h6 g6 22. exf5 gxf5 23. g6 Qc8 24. g7 Re8 25. Rxb6 axb6 26. Bh5 Re7
0-1

[Event "2005 Standard Chess Dropout Tournament, Round 4"]
[Site "SchemingMind.com"]
[Date "2005.11.30"]
[Round "4"]
[White "Ninaber"]
[Black "fifi"]
[Result "0-1"]
[WhiteCountry "NED"]
[BlackCountry "CAN"]
[WhiteElo "2040"]
[WhiteRD "109"]
[BlackElo "2191"]
[BlackRD "106"]
[GameID "31685"]

1. e4 c5 2. Nf3 Nc6 3. d4 cxd4 4. Nxd4 Nf6 5. Nc3 e5 6. Nf3 Bb4 7. Bc4 O-O 8. O-O Bxc3 9. bxc3 Nxe4 10. Qd5 Nf6
11. Qd6 Ne8 12. Qd3 d6 13. Ng5 g6 14. Rb1 Bf5 15. Qd2 Qe7 16. Ba3 Rd8 17. Rfe1 Qc7 18. f4 Nf6 19. Red1 Rd7 20. Bxd6 Qd8
21. fxe5 Nxe5 22. Bb5 Nc6 23. Qf4 Nh5 24. Qd2 Bg4 25. Nf3 Re8 26. Bxc6 bxc6 27. Ne5 Rxd6 28. Qxd6 Bxd1 29. Qxd8 Rxd8 30. Nxc6 Bxc2
31. Rf1 Rd7 32. g4 Ng7 33. Ne5 Rc7
0-1

[Event "2005 Standard Chess Dropout Tournament, Round 4"]
[Site "SchemingMind.com"]
[Date "2005.11.30"]
[Round "4"]
[White "NimbleKnight"]
[Black "Greg Magne"]
[Result "0-1"]
[WhiteCountry "USA"]
[BlackCountry "CAN"]
[WhiteElo "1820"]
[WhiteRD "101"]
[BlackElo "1937"]
[BlackRD "126"]
[GameID "31686"]

1. e4 c5 2. Nf3 d6 3. d4 cxd4 4. Nxd4 Nf6 5. Nc3 a6 6. Bg5 e6 7. f4 b5 8. e5 dxe5 9. fxe5 Qc7 10. Qe2 Nfd7
11. O-O-O Bb7 12. Qg4 Qxe5 13. Bd3 h6 14. Bh4 g5 15. Bg3 Qe3+ 16. Rd2 h5 17. Qd1 b4 18. Bf2 Qe5 19. Ne4 Qa5 20. Kb1 Nc6
21. Re1 O-O-O 22. Nb3 Qe5 23. Nec5 Qc7 24. Bxa6 Nxc5 25. Nxc5 Bxc5 26. Bxb7+ Kxb7 27. Bxc5 g4 28. g3 Rxd2 29. Qxd2 Rd8 30. Qe2 Rd5
31. Be3 Qd6 32. Qf2 Qd7 33. Qg1 Ne5 34. Qh1 Nf3 35. Rf1 Kc8 36. Rc1= Qa4 37. b3 Qa3 38. c4 Re5 39. Bf2 Re2 40. Rc2 Rxc2
41. Kxc2 Qxa2+ 42. Kd3 Qxb3+ 43. Ke4 Qxc4+ 44. Ke3 Qd4+ 45. Ke2 Qd2+ 46. Kf1 b3 47. Kg2 b2 48. Qf1 Ne1+ 49. Qxe1 Qxe1 50. Bxe1 b1=Q
0-1

[Event "2005 Standard Chess Dropout Tournament, Round 4"]
[Site "SchemingMind.com"]
[Date "2005.12.06"]
[Round "4"]
[White "TripleBrain"]
[Black "wilfried"]
[Result "0-1"]
[WhiteCountry "GBR"]
[BlackCountry "GER"]
[WhiteElo "2087"]
[WhiteRD "108"]
[BlackElo "2277"]
[BlackRD "100"]
[GameID "31687"]

1. e4 e5 2. Nf3 Nc6 3. d4 exd4 4. Bc4 Nf6 5. O-O Nxe4 6. Re1 d5 7. Nc3 dxc3 8. Bxd5 Be6 9. Bxe4 Qxd1 10. Rxd1 cxb2
11. Bxb2 f6 12. Re1 Kf7 13. Bc3 Ba3 14. h4 h5 15. Rab1 Rab8 16. Bd2 Rhd8 17. Rb5 Bg4 18. Rb3 Bc5 19. Bf4 Bb6 20. Rb2 Be6
21. Rb5 Bxa2 22. Rxh5 Rd7 23. Kh2 Re7 24. Kg3 Rbe8 25. Nd2 Nb4 26. c3 Nd3 27. Re2 c6 28. Bxd3 Rxe2 29. Nc4 R2e6 30. Nxb6 axb6
31. Rh7 Rd8 32. Bf5 Re1 33. Bh6 Rg8 34. h5 Bb1 35. Bxb1 Rxb1 36. Kg4 b5
0-1

[Event "2005 Standard Chess Dropout Tournament, Round 4"]
[Site "SchemingMind.com"]
[Date "2005.11.30"]
[Round "4"]
[White "willygor"]
[Black "David Houpt"]
[Result "0-1"]
[WhiteCountry "ARG"]
[BlackCountry "GBR"]
[WhiteElo "1646"]
[WhiteRD "63"]
[BlackElo "2048"]
[BlackRD "141"]
[GameID "31688"]

1. e4 d6 2. f4 Nf6 3. Nc3 g6 4. d4 Bg7 5. Nf3 c5 6. Bb5+ Bd7 7. Bxd7+ Nfxd7 8. O-O cxd4 9. Ne2 Qb6 10. Kh1 Nc6
11. Rb1 Rc8 12. Ng3 O-O 13. a3 Qc5 14. Qd3 a6 15. b4 Qb5 16. h4 Qxd3 17. cxd3 h6 18. h5 b5 19. Nh4 Bf6 20. Nf3 Rc7
21. f5 g5 22. Ne2 Rfc8 23. Bb2 Nde5 24. Nxe5 Bxe5 25. Rbc1 Kf8 26. g3 Ke8 27. Kg2 e6 28. g4 Ke7 29. Kf3 exf5 30. gxf5 Bf6
31. Kg4 Ne5+ 32. Kg3 Nxd3 33. Rxc7+ Rxc7 34. Bxd4 Bxd4 35. Nxd4 Kf6 36. Ne2 Ke5 37. Kf3 Rc4 38. Rd1 g4+ 39. Ke3 Nf4 40. Ng3 Rc3+
41. Kf2 Rf3+
0-1

[Event "2005 Standard Chess Dropout Tournament, Round 4"]
[Site "SchemingMind.com"]
[Date "2005.11.30"]
[Round "4"]
[White "David Houpt"]
[Black "Oskyrain"]
[Result "1/2-1/2"]
[WhiteCountry "GBR"]
[BlackCountry "ARG"]
[WhiteElo "2056"]
[WhiteRD "135"]
[BlackElo "2115"]
[BlackRD "74"]
[GameID "31689"]

1. e4 c5 2. Nf3 Nc6 3. d4 cxd4 4. Nxd4 e5 5. Nb5 Nf6 6. N1c3 Bb4 7. a3 Bxc3+ 8. Nxc3 O-O 9. Bc4 d6 10. O-O Be6
11. Qd3 Nd4 12. Bxe6 fxe6 13. Be3 Nh5 14. f4 Nc6 15. f5 exf5 16. exf5 Qd7 17. Rad1 Ne7 18. Nd5 Rac8 19. c3 Rc6 20. Bxa7 Nxd5
21. Qxd5+ Rf7 22. Be3 Nf6 23. Qf3 d5 24. Qg3 Qc7 25. Rf3 Rc4 26. Qf2 Rd7 27. Qd2 Qc6 28. h3 Ne4 29. Qe2 d4 30. Bf2 Rd6
31. cxd4 exd4 32. Qd3 b5 33. Rf4 Nxf2 34. Rxf2 Rc1 35. Qb3+ Kf8 36. Rxc1 Qxc1+ 37. Rf1 Qe3+ 38. Qxe3 dxe3 39. Re1 Rd2 40. Rxe3 Rxb2
41. Rc3=
1/2-1/2

[Event "2005 Standard Chess Dropout Tournament, Round 4"]
[Site "SchemingMind.com"]
[Date "2005.11.30"]
[Round "4"]
[White "fifi"]
[Black "the gadget"]
[Result "1-0"]
[WhiteCountry "CAN"]
[BlackCountry "ENG"]
[WhiteElo "2209"]
[WhiteRD "115"]
[BlackElo "2021"]
[BlackRD "93"]
[GameID "31690"]

1. e4 c6 2. c4 d5 3. exd5 cxd5 4. cxd5 Nf6 5. Qa4+ Nbd7 6. Nc3 g6 7. Nf3 Bg7 8. Bc4 O-O 9. d3 Nb6 10. Qb3 Bg4
11. Ne5 Qc7 12. f4 Qc5 13. h3 Bc8 14. Ke2 Nh5 15. Re1 Ng3+ 16. Kf3 Nf5 17. Be3 Nxe3 18. Rxe3 a5 19. Rae1 a4 20. Qb5 Qc7
21. g4 a3 22. b4 e6 23. Kg3 Rd8 24. g5 Bd7 25. Nxd7 Nxd7 26. Ne4 e5 27. fxe5 Bxe5+ 28. Kg2 Qb6 29. d6 Qxb5 30. Bxb5 Bd4
31. R3e2 Rac8 32. Bc4 Kg7 33. Nd2 Bc3 34. Rf2 Ne5 35. Rxe5 Bxe5 36. Rxf7+ Kh8 37. d7 Ra8 38. Ne4 Rab8 39. b5 Rf8 40. Re7 Bd4
41. Bd5 b6 42. Bc6 Kg8 43. Re8 Bc5 44. d4 Bb4 45. Nf6+ Kf7 46. Kf3 Kg7 47. Ke2 h5 48. Kd3 Rd8 49. h4 Ba5 50. Kc4 Rxd7
51. Bxd7 Rxe8 52. Bxe8 Be1 53. Ne4 Bxh4 54. d5 Kf8 55. Bxg6
1-0

[Event "2005 Standard Chess Dropout Tournament, Round 4"]
[Site "SchemingMind.com"]
[Date "2005.12.01"]
[Round "4"]
[White "Jorge Anibal DEKMAK"]
[Black "Ninaber"]
[Result "1-0"]
[WhiteCountry "ARG"]
[BlackCountry "NED"]
[WhiteElo "2142"]
[WhiteRD "102"]
[BlackElo "2007"]
[BlackRD "108"]
[GameID "31691"]

1. d4 Nf6 2. c4 g6 3. Nc3 Bg7 4. e4 d6 5. f3 O-O 6. Be3 e5 7. d5 Nh5 8. Qd2 f5 9. O-O-O a6 10. Nge2 Nd7
11. Kb1 Qe8 12. Ng3 Ndf6 13. c5 Kh8 14. Bd3 Nf4 15. Bc2 fxe4 16. Ngxe4 Qe7 17. Nxf6 Bxf6 18. Rhe1 Qd8 19. Ne4 Be7 20. h4 a5
21. Ba4 Bd7 22. Bxd7 Qxd7 23. Qc2 a4 24. Bxf4 Rxf4 25. h5 gxh5 26. cxd6 cxd6 27. Rc1 Bd8 28. Rh1 h4 29. Qc3 a3 30. b3 Ba5
31. Qe3 Qf7 32. Qd3 Qg7 33. Rc2 Qd7 34. Qe3 Bd8 35. Rhc1 Ra5 36. Qd2 Ra8 37. Qb4 Ra6 38. Rc8 Rf8 39. R1c7 Qf5 40. Qxb7 Bxc7
41. Rxf8+ Qxf8 42. Qxa6 Qg8 43. b4 h3 44. gxh3 Qg1+ 45. Kc2 Qg2+ 46. Nd2 Qxh3 47. Qxa3 Qc8 48. Qc3 Qf5+ 49. Kd1 Bb6 50. a4
1-0

[Event "2005 Standard Chess Dropout Tournament, Round 4"]
[Site "SchemingMind.com"]
[Date "2005.12.01"]
[Round "4"]
[White "Madocillo"]
[Black "Jorge Anibal DEKMAK"]
[Result "1/2-1/2"]
[WhiteCountry "GER"]
[BlackCountry "ARG"]
[WhiteElo "2061"]
[WhiteRD "159"]
[BlackElo "2142"]
[BlackRD "102"]
[GameID "31692"]

1. d4 Nf6 2. c4 e6 3. Nc3 Bb4 4. f3 d5 5. a3 Bxc3+ 6. bxc3 c5 7. e3 O-O 8. Bd3 Qc7 9. Ne2 dxc4 10. Bc2 e5
11. d5 e4 12. fxe4 Qe5 13. O-O Nxe4 14. Bxe4 Qxe4 15. Ng3 Qd3 16. Qxd3 cxd3 17. e4 Nd7 18. Bf4 Re8 19. c4 Nf6 20. e5 Nd7
21. Rae1 b5 22. cxb5 Bb7 23. e6 fxe6 24. dxe6 Nf6 25. Bg5 Nd5 26. Ne4 c4 27. Nd6 h6 28. Bc1 Nc3 29. Nxe8 Rxe8 30. Bd2 Ne2+
31. Rxe2 dxe2 32. Rf7 Ba6 33. bxa6 Rxe6 34. Rxa7 e1=Q+ 35. Bxe1 Rxe1+ 36. Kf2 Re6 37. Ra8+ Kh7 38. h4 h5 39. Kf3 Kg6 40. a7 Ra6
41. Rc8 Rxa7 42. Rxc4 Rxa3+ 43. Kf4 Kh6 44. g4 Ra6 45. g5+=
1/2-1/2

[Event "2005 Standard Chess Dropout Tournament, Round 4"]
[Site "SchemingMind.com"]
[Date "2005.12.01"]
[Round "4"]
[White "faaus"]
[Black "Madocillo"]
[Result "0-1"]
[WhiteCountry "ARG"]
[BlackCountry "GER"]
[WhiteElo "2018"]
[WhiteRD "94"]
[BlackElo "2061"]
[BlackRD "159"]
[GameID "31693"]

1. e4 c5 2. Nf3 Nc6 3. d4 cxd4 4. Nxd4 e6 5. Nb5 d6 6. c4 Nf6 7. N1c3 a6 8. Na3 Be7 9. Be2 b6 10. O-O Bb7
11. f4 Qc7 12. Be3 O-O 13. Bf3 Rac8 14. Rc1 Rfe8 15. Ne2 Bf8 16. Nb5 Qb8 17. Nbc3 Ba8 18. Qd2 Na5 19. b3 b5 20. Nd1 Nc6
21. Nb2 Ne7 22. Ng3 Ng6 23. Bd4 e5 24. fxe5 dxe5 25. Be3 h5 26. Nxh5 Nxe4 27. Bxe4 Bxe4 28. Ng3 Ba8 29. Nf5 Nf4 30. Rf2 Rcd8
31. Qc2 Qb7 32. Bxf4 exf4 33. Rxf4 Re5 34. Rcf1 Rde8 35. Rg4 Qb6+ 36. Nd4 Re4
0-1

[Event "2005 Standard Chess Dropout Tournament, Round 4"]
[Site "SchemingMind.com"]
[Date "2005.11.30"]
[Round "4"]
[White "Oskyrain"]
[Black "faaus"]
[Result "1/2-1/2"]
[WhiteCountry "ARG"]
[BlackCountry "ARG"]
[WhiteElo "2115"]
[WhiteRD "74"]
[BlackElo "2023"]
[BlackRD "101"]
[GameID "31694"]

1. d4 Nf6 2. c4 e6 3. Nc3 Bb4 4. Nf3 O-O 5. Bg5 c5 6. dxc5 Bxc5 7. e4 Qb6 8. Qd2 d6 9. Bxf6 gxf6 10. Na4 Qb4
11. Nxc5 Qxd2+ 12. Kxd2 dxc5 13. Ke3 e5 14. Rd1 Be6 15. Rd2 Nc6 16. Bd3 Rfd8 17. Rhd1 Nd4 18. h4 Rd7 19. g3 Rad8 20. Nxd4 cxd4+
21. Ke2 Kg7 22. b4 b6 23. Rc1 Rc7 24. c5 bxc5 25. Rxc5 Rxc5 26. bxc5 Rc8 27. Rc2 Bd7 28. Kd2 a5=
1/2-1/2

[Event "2005 Standard Chess Dropout Tournament, Round 4"]
[Site "SchemingMind.com"]
[Date "2005.12.01"]
[Round "4"]
[White "Greg Magne"]
[Black "willygor"]
[Result "1-0"]
[WhiteCountry "CAN"]
[BlackCountry "ARG"]
[WhiteElo "1902"]
[WhiteRD "121"]
[BlackElo "1646"]
[BlackRD "63"]
[GameID "31695"]

1. d4 Nf6 2. c4 e6 3. Nf3 Bb4+ 4. Nbd2 Ne4 5. a3 Nxd2 6. axb4 Nxf1 7. Kxf1 d6 8. h4 Nd7 9. e4 b6 10. h5 h6
11. b3 Bb7 12. Qd3 Nf6 13. d5 e5 14. Bb2 Nd7 15. Nh4 Nf6 16. Nf5 O-O 17. Qg3
1-0

[Event "2005 Standard Chess Dropout Tournament, Round 4"]
[Site "SchemingMind.com"]
[Date "2005.12.01"]
[Round "4"]
[White "the gadget"]
[Black "NimbleKnight"]
[Result "1-0"]
[WhiteCountry "ENG"]
[BlackCountry "USA"]
[WhiteElo "2021"]
[WhiteRD "93"]
[BlackElo "1820"]
[BlackRD "101"]
[GameID "31696"]

1. c4 e5 2. Nc3 Nc6 3. Nf3 Nf6 4. g3 g6 5. d4 exd4 6. Nxd4 Bg7 7. Nxc6 bxc6 8. Bg2 O-O 9. O-O Rb8 10. Qa4 a6
11. Qa5 Bb7 12. Rd1 d6 13. c5 Qe7 14. Bf4 Rfd8 15. Rac1 Rbc8 16. Qb4 Rb8 17. cxd6 cxd6 18. Bxd6 Qe8 19. Bxb8 Rxb8 20. Qd6 Qf8
21. Bxc6 Qxd6 22. Rxd6 Bxc6 23. Rxc6 Rxb2 24. Rxa6 h5 25. a4 Nd7 26. Ra8+ Nf8 27. Kf1 Bh6 28. e3
1-0